|
|
|
|
| LEADER |
00905aam a22002898a 4500 |
| 001 |
00035670 |
| 005 |
20171026081025.0 |
| 008 |
161219s2016 ||||||Viesd |
| 020 |
# |
# |
|c 86000
|a 978 604 919 640 9
|
| 041 |
0 |
# |
|a Vie
|
| 082 |
1 |
4 |
|a 346.597 043
|b PH109L
|
| 100 |
1 |
# |
|a Phan, Trung Thành
|e Chủ biên
|
| 245 |
1 |
0 |
|a Pháp luật về quản lý và sử dụng đất đai ở Việt Nam
|c Phan Trung Thành
|
| 260 |
# |
# |
|a Cần Thơ
|b Đại Học Cần Thơ
|c 2016
|
| 300 |
# |
# |
|a 368tr.
|c 24 cm.
|b Minh họa
|
| 653 |
# |
# |
|a Land law Vietnam
|
| 653 |
# |
# |
|a Luật đất đai Việt Nam
|
| 653 |
# |
# |
|a Quản lý đất đai
|
| 852 |
# |
# |
|j KD.0019222
|
| 852 |
# |
# |
|j KD.0019222
|b Kho đọc
|
| 910 |
|
|
|d 19/12/2016
|
| 980 |
# |
# |
|a Trung tâm Học liệu Lê Vũ Hùng, Trường Đại học Đồng Tháp
|